[Event "DEM U10 2023"]
[Site "Willingen GER"]
[Date "2023.05.29"]
[Round "3"]
[White "Brückner, Julian"]
[Black "Ivashchenko, Yurii"]
[Result "1-0"]
[Termination "normal"]
[Board "15"]
[WhiteElo "1681"]
[BlackElo "1347"]
[WhiteClock "00:16:50"]
[BlackClock "00:04:00"]
[PlyCount "109"]
[WhiteFideId "34630031"]
[BlackFideId "34163735"]
[EventCountry "GER"]
[EventRounds "11"]
[EventType "swiss"]
[EventDate "2023.05.27"]

1. e4 {[%clk 01:15:58]} {[%emt 13:41:25]} e6 {[%clk 01:15:54]} {[%emt
00:00:06]} 2. d4 {[%clk 01:16:19]} {[%emt 00:00:09]} d5 {[%clk 01:16:11]}
{[%emt 00:00:14]} 3. Nd2 {[%clk 01:16:34]} {[%emt 00:00:15]} c5 {[%clk
01:15:48]} {[%emt 00:00:53]} 4. exd5 {[%clk 01:16:26]} {[%emt 00:00:38]} exd5
{[%clk 01:16:11]} {[%emt 00:00:06]} 5. Ngf3 {[%clk 01:16:00]} {[%emt 00:00:56]}
Bd6 {[%clk 01:15:34]} {[%emt 00:01:07]} 6. c3 {[%clk 01:15:45]} {[%emt
00:00:45]} Ne7 {[%clk 01:15:46]} {[%emt 00:00:18]} 7. Bd3 {[%clk 01:15:20]}
{[%emt 00:00:54]} Bf5 {[%clk 01:15:53]} {[%emt 00:00:24]} 8. Bxf5 {[%clk
01:14:53]} {[%emt 00:00:58]} Nxf5 {[%clk 01:16:13]} {[%emt 00:00:09]} 9. O-O
{[%clk 01:14:56]} {[%emt 00:00:26]} O-O {[%clk 01:15:53]} {[%emt 00:00:51]} 10.
dxc5 {[%clk 01:14:21]} {[%emt 00:01:06]} Bxc5 {[%clk 01:16:12]} {[%emt
00:00:10]} 11. Nb3 {[%clk 01:14:39]} {[%emt 00:00:12]} Bb6 {[%clk 01:15:39]}
{[%emt 00:01:03]} 12. Qd3 {[%clk 01:11:23]} {[%emt 00:03:46]} Ne7 {[%clk
01:14:09]} {[%emt 00:02:00]} 13. Be3 {[%clk 01:09:02]} {[%emt 00:02:50]} Bxe3
{[%clk 01:12:55]} {[%emt 00:01:44]} 14. Qxe3 {[%clk 01:07:02]} {[%emt
00:02:30]} Nbc6 {[%clk 01:12:14]} {[%emt 00:01:12]} 15. Rad1 {[%clk 01:05:03]}
{[%emt 00:02:28]} Qc7 {[%clk 01:10:56]} {[%emt 00:01:49]} 16. Rfe1 {[%clk
01:02:54]} {[%emt 00:02:39]} h6 {[%clk 01:03:14]} {[%emt 00:08:12]} 17. Nbd4
{[%clk 01:00:00]} {[%emt 00:03:25]} Nxd4 {[%clk 00:53:39]} {[%emt 00:10:04]}
18. Nxd4 {[%clk 00:57:49]} {[%emt 00:02:41]} Rfe8 {[%clk 00:51:00]} {[%emt
00:03:09]} 19. Qf3 {[%clk 00:52:33]} {[%emt 00:05:46]} Rad8 {[%clk 00:44:41]}
{[%emt 00:06:49]} 20. Re3 {[%clk 00:49:58]} {[%emt 00:03:05]} g6 {[%clk
00:34:22]} {[%emt 00:10:49]} 21. Rde1 {[%clk 00:42:12]} {[%emt 00:08:17]} Qd7
{[%clk 00:27:17]} {[%emt 00:07:34]} 22. Qf6 {[%clk 00:38:15]} {[%emt 00:04:27]}
Nc6 {[%clk 00:27:08]} {[%emt 00:00:39]} 23. Nxc6 {[%clk 00:37:35]} {[%emt
00:01:10]} bxc6 {[%clk 00:26:37]} {[%emt 00:01:00]} 24. Re7 {[%clk 00:37:14]}
{[%emt 00:00:53]} Rxe7 {[%clk 00:22:21]} {[%emt 00:04:45]} 25. Rxe7 {[%clk
00:37:36]} {[%emt 00:00:08]} Qf5 {[%clk 00:22:45]} {[%emt 00:00:06]} 26. Qxf5
{[%clk 00:36:45]} {[%emt 00:01:21]} gxf5 {[%clk 00:22:57]} {[%emt 00:00:17]}
27. f3 {[%clk 00:36:49]} {[%emt 00:00:27]} d4 {[%clk 00:20:38]} {[%emt
00:02:50]} 28. cxd4 {[%clk 00:36:01]} {[%emt 00:01:17]} Rxd4 {[%clk 00:21:00]}
{[%emt 00:00:07]} 29. Rxa7 {[%clk 00:36:10]} {[%emt 00:00:21]} Rd1+ {[%clk
00:21:16]} {[%emt 00:00:15]} 30. Kf2 {[%clk 00:36:30]} {[%emt 00:00:09]} Rd2+
{[%clk 00:21:38]} {[%emt 00:00:09]} 31. Kg3 {[%clk 00:36:39]} {[%emt 00:00:21]}
Rxb2 {[%clk 00:21:18]} {[%emt 00:00:50]} 32. Rc7 {[%clk 00:36:35]} {[%emt
00:00:34]} Rxa2 {[%clk 00:21:30]} {[%emt 00:00:18]} 33. Rxc6 {[%clk 00:36:54]}
{[%emt 00:00:11]} Kg7 {[%clk 00:21:46]} {[%emt 00:00:14]} 34. Rc5 {[%clk
00:36:30]} {[%emt 00:00:54]} Kg6 {[%clk 00:19:57]} {[%emt 00:02:19]} 35. h4
{[%clk 00:34:29]} {[%emt 00:02:29]} Ra6 {[%clk 00:16:39]} {[%emt 00:03:49]} 36.
Rc8 {[%clk 00:31:17]} {[%emt 00:03:43]} Rf6 {[%clk 00:14:41]} {[%emt 00:02:28]}
37. Rg8+ {[%clk 00:29:28]} {[%emt 00:02:19]} Kh7 {[%clk 00:14:59]} {[%emt
00:00:12]} 38. Ra8 {[%clk 00:28:50]} {[%emt 00:01:08]} Kg6 {[%clk 00:15:04]}
{[%emt 00:00:24]} 39. Kf4 {[%clk 00:27:37]} {[%emt 00:01:44]} Rb6 {[%clk
00:11:41]} {[%emt 00:03:53]} 40. Rg8+ {[%clk 00:25:13]} {[%emt 00:02:54]} Kh7
{[%clk 00:09:06]} {[%emt 00:03:04]} 41. Rd8 {[%clk 00:22:50]} {[%emt 00:02:54]}
Kg6 {[%clk 00:08:03]} {[%emt 00:01:32]} 42. Rd5 {[%clk 00:22:22]} {[%emt
00:00:55]} Rb4+ {[%clk 00:08:00]} {[%emt 00:00:36]} 43. Kg3 {[%clk 00:22:25]}
{[%emt 00:00:26]} Rb6 {[%clk 00:08:00]} {[%emt 00:00:32]} 44. Kh3 {[%clk
00:20:18]} {[%emt 00:02:37]} Re6 {[%clk 00:07:07]} {[%emt 00:01:23]} 45. g4
{[%clk 00:19:22]} {[%emt 00:01:25]} fxg4+ {[%clk 00:06:57]} {[%emt 00:00:40]}
46. Kxg4 {[%clk 00:19:21]} {[%emt 00:00:32]} Rf6 {[%clk 00:05:09]} {[%emt
00:02:15]} 47. h5+ {[%clk 00:18:47]} {[%emt 00:01:06]} Kg7 {[%clk 00:05:24]}
{[%emt 00:00:15]} 48. Rf5 {[%clk 00:18:51]} {[%emt 00:00:27]} Rxf5 {[%clk
00:05:13]} {[%emt 00:00:41]} 49. Kxf5 {[%clk 00:19:10]} {[%emt 00:00:11]} Kf8
{[%clk 00:05:41]} {[%emt 00:00:02]} 50. Kf6 {[%clk 00:19:23]} {[%emt 00:00:17]}
Kg8 {[%clk 00:06:07]} {[%emt 00:00:03]} 51. f4 {[%clk 00:19:15]} {[%emt
00:00:39]} Kf8 {[%clk 00:06:34]} {[%emt 00:00:02]} 52. f5 {[%clk 00:16:53]}
{[%emt 00:02:52]} Kg8 {[%clk 00:03:04]} {[%emt 00:04:00]} 53. Ke7 {[%clk
00:16:50]} {[%emt 00:00:34]} Kh7 {[%clk 00:03:33]} {[%emt 00:00:02]} 54. Kxf7
{[%clk 00:16:43]} {[%emt 00:00:36]} Kh8 {[%clk 00:04:00]} {[%emt 00:00:03]} 55.
Kg6 {[%clk 00:16:50]} {[%emt 00:00:23]} 1-0

[Event "DEM U10 2023"]
[Site "Willingen GER"]
[Date "2023.05.29"]
[Round "3"]
[White "Hildebrand, Azat"]
[Black "Retzlaff, Nick"]
[Result "0-1"]
[Termination "normal"]
[Board "16"]
[WhiteElo "1502"]
[BlackElo "1523"]
[WhiteClock "00:04:50"]
[BlackClock "00:35:00"]
[PlyCount "88"]
[WhiteFideId "34607536"]
[BlackFideId "34610367"]
[EventCountry "GER"]
[EventRounds "11"]
[EventType "swiss"]
[EventDate "2023.05.27"]

1. d4 {[%clk 01:15:57]} {[%emt 00:00:04]} Nf6 {[%clk 01:15:53]} {[%emt
00:00:06]} 2. Nf3 {[%clk 01:16:09]} {[%emt 00:00:19]} e6 {[%clk 01:16:14]}
{[%emt 00:00:09]} 3. e3 {[%clk 01:16:06]} {[%emt 00:00:32]} d5 {[%clk
01:16:35]} {[%emt 00:00:09]} 4. Bd3 {[%clk 01:15:26]} {[%emt 00:01:11]} c5
{[%clk 01:16:45]} {[%emt 00:00:20]} 5. c3 {[%clk 01:14:54]} {[%emt 00:01:02]}
Nc6 {[%clk 01:16:23]} {[%emt 00:00:52]} 6. Nbd2 {[%clk 01:14:49]} {[%emt
00:00:35]} Qc7 {[%clk 01:15:55]} {[%emt 00:00:58]} 7. O-O {[%clk 01:13:52]}
{[%emt 00:01:27]} Bd6 {[%clk 01:15:30]} {[%emt 00:00:54]} 8. dxc5 {[%clk
01:13:36]} {[%emt 00:00:47]} Bxc5 {[%clk 01:15:42]} {[%emt 00:00:17]} 9. b4
{[%clk 01:13:03]} {[%emt 00:01:03]} Bd6 {[%clk 01:15:54]} {[%emt 00:00:18]} 10.
Bb2 {[%clk 01:12:33]} {[%emt 00:01:00]} e5 {[%clk 01:15:45]} {[%emt 00:00:38]}
11. e4 {[%clk 01:11:29]} {[%emt 00:01:34]} d4 {[%clk 01:12:34]} {[%emt
00:03:42]} 12. a3 {[%clk 01:04:42]} {[%emt 00:07:17]} dxc3 {[%clk 01:05:18]}
{[%emt 00:07:46]} 13. Bxc3 {[%clk 01:04:59]} {[%emt 00:00:13]} Bg4 {[%clk
01:05:22]} {[%emt 00:00:25]} 14. Rc1 {[%clk 01:01:58]} {[%emt 00:03:32]} Qe7
{[%clk 01:03:29]} {[%emt 00:02:24]} 15. h3 {[%clk 00:58:17]} {[%emt 00:04:11]}
Bh5 {[%clk 01:02:50]} {[%emt 00:01:08]} 16. Re1 {[%clk 00:56:59]} {[%emt
00:01:48]} O-O {[%clk 01:02:46]} {[%emt 00:00:34]} 17. Qb3 {[%clk 00:47:28]}
{[%emt 00:10:01]} Rfd8 {[%clk 01:01:46]} {[%emt 00:01:31]} 18. Bc4 {[%clk
00:45:07]} {[%emt 00:02:51]} Rac8 {[%clk 01:00:48]} {[%emt 00:01:27]} 19. Rb1
{[%clk 00:41:34]} {[%emt 00:04:04]} Qc7 {[%clk 00:52:02]} {[%emt 00:09:15]} 20.
Bb2 {[%clk 00:35:52]} {[%emt 00:06:12]} Bxf3 {[%clk 00:43:55]} {[%emt
00:08:37]} 21. Nxf3 {[%clk 00:35:32]} {[%emt 00:00:49]} Nd4 {[%clk 00:42:33]}
{[%emt 00:01:54]} 22. Nxd4 {[%clk 00:31:58]} {[%emt 00:04:04]} Qxc4 {[%clk
00:42:39]} {[%emt 00:00:24]} 23. Qxc4 {[%clk 00:31:02]} {[%emt 00:01:25]} Rxc4
{[%clk 00:42:57]} {[%emt 00:00:12]} 24. Nb5 {[%clk 00:29:28]} {[%emt 00:02:04]}
Bb8 {[%clk 00:41:08]} {[%emt 00:02:19]} 25. f3 {[%clk 00:28:11]} {[%emt
00:01:47]} a6 {[%clk 00:39:36]} {[%emt 00:02:02]} 26. Nc3 {[%clk 00:28:10]}
{[%emt 00:00:30]} h6 {[%clk 00:38:46]} {[%emt 00:01:21]} 27. Red1 {[%clk
00:26:05]} {[%emt 00:02:35]} Ba7+ {[%clk 00:38:41]} {[%emt 00:00:36]} 28. Kh2
{[%clk 00:25:21]} {[%emt 00:01:13]} Bd4 {[%clk 00:38:08]} {[%emt 00:01:03]} 29.
Ne2 {[%clk 00:23:20]} {[%emt 00:02:31]} Ne8 {[%clk 00:37:40]} {[%emt 00:00:58]}
30. Rd3 {[%clk 00:20:28]} {[%emt 00:03:22]} Bg1+ {[%clk 00:37:38]} {[%emt
00:00:33]} 31. Kxg1 {[%clk 00:19:20]} {[%emt 00:01:37]} Rxd3 {[%clk 00:37:26]}
{[%emt 00:00:43]} 32. Bxe5 {[%clk 00:18:47]} {[%emt 00:01:03]} Rd2 {[%clk
00:36:53]} {[%emt 00:01:04]} 33. Kf2 {[%clk 00:15:24]} {[%emt 00:03:52]} Ra2
{[%clk 00:33:59]} {[%emt 00:03:24]} 34. Rd1 {[%clk 00:12:15]} {[%emt 00:03:39]}
f6 {[%clk 00:33:36]} {[%emt 00:00:53]} 35. Rd8 {[%clk 00:10:20]} {[%emt
00:02:25]} Kf7 {[%clk 00:33:45]} {[%emt 00:00:21]} 36. Bh2 {[%clk 00:04:47]}
{[%emt 00:06:03]} Rcc2 {[%clk 00:34:01]} {[%emt 00:00:15]} 37. Rd7+ {[%clk
00:04:07]} {[%emt 00:01:09]} Ke6 {[%clk 00:34:05]} {[%emt 00:00:26]} 38. Rxb7
{[%clk 00:04:21]} {[%emt 00:00:17]} Rxe2+ {[%clk 00:34:22]} {[%emt 00:00:12]}
39. Kf1 {[%clk 00:04:41]} {[%emt 00:00:10]} Rxg2 {[%clk 00:34:25]} {[%emt
00:00:26]} 40. Bf4 {[%clk 00:04:57]} {[%emt 00:00:14]} Rgb2 {[%clk 00:34:03]}
{[%emt 00:00:50]} 41. Bc1 {[%clk 00:04:16]} {[%emt 00:01:13]} Rb1 {[%clk
00:34:05]} {[%emt 00:00:28]} 42. Rb6+ {[%clk 00:04:19]} {[%emt 00:00:27]} Kd7
{[%clk 00:34:28]} {[%emt 00:00:07]} 43. Rd6+ {[%clk 00:04:35]} {[%emt
00:00:14]} Kxd6 {[%clk 00:34:42]} {[%emt 00:00:17]} 44. Ke1 {[%clk 00:04:50]}
{[%emt 00:00:15]} Rxc1# {[%clk 00:35:00]} {[%emt 00:00:11]} 0-1

[Event "DEM U10 2023"]
[Site "Willingen GER"]
[Date "2023.05.29"]
[Round "3"]
[White "Andersen, Jonathan"]
[Black "Obermair, Hannes"]
[Result "1-0"]
[Termination "normal"]
[Board "17"]
[WhiteElo "1494"]
[BlackElo "1320"]
[WhiteClock "01:16:36"]
[BlackClock "00:25:37"]
[PlyCount "107"]
[WhiteFideId "34623884"]
[BlackFideId "34640509"]
[EventCountry "GER"]
[EventRounds "11"]
[EventType "swiss"]
[EventDate "2023.05.27"]

1. e4 {[%clk 01:15:59]} {[%emt 13:32:50]} c5 {[%clk 01:15:50]} {[%emt
00:00:11]} 2. Nf3 {[%clk 01:16:25]} {[%emt 00:00:04]} Nc6 {[%clk 01:15:48]}
{[%emt 00:00:32]} 3. d4 {[%clk 01:16:50]} {[%emt 00:00:05]} cxd4 {[%clk
01:16:01]} {[%emt 00:00:17]} 4. Nxd4 {[%clk 01:17:07]} {[%emt 00:00:14]} Nf6
{[%clk 01:16:02]} {[%emt 00:00:28]} 5. Nc3 {[%clk 01:17:26]} {[%emt 00:00:12]}
e5 {[%clk 01:16:09]} {[%emt 00:00:22]} 6. Ndb5 {[%clk 01:17:45]} {[%emt
00:00:12]} d6 {[%clk 01:15:53]} {[%emt 00:00:45]} 7. Bg5 {[%clk 01:17:51]}
{[%emt 00:00:24]} a6 {[%clk 01:15:47]} {[%emt 00:00:36]} 8. Bxf6 {[%clk
01:18:03]} {[%emt 00:00:18]} gxf6 {[%clk 01:15:27]} {[%emt 00:00:50]} 9. Na3
{[%clk 01:18:26]} {[%emt 00:00:07]} b5 {[%clk 01:15:23]} {[%emt 00:00:33]} 10.
Nd5 {[%clk 01:18:49]} {[%emt 00:00:07]} Be6 {[%clk 01:09:40]} {[%emt 00:06:13]}
11. c3 {[%clk 01:19:07]} {[%emt 00:00:13]} Bg7 {[%clk 01:08:08]} {[%emt
00:02:01]} 12. Be2 {[%clk 01:19:21]} {[%emt 00:00:16]} O-O {[%clk 01:07:02]}
{[%emt 00:01:35]} 13. Bg4 {[%clk 01:19:36]} {[%emt 00:00:16]} Ne7 {[%clk
01:04:59]} {[%emt 00:02:28]} 14. h4 {[%clk 01:19:19]} {[%emt 00:00:52]} f5
{[%clk 01:02:23]} {[%emt 00:03:00]} 15. Nxe7+ {[%clk 01:18:56]} {[%emt
00:00:59]} Qxe7 {[%clk 01:02:14]} {[%emt 00:00:39]} 16. Bxf5 {[%clk 01:19:04]}
{[%emt 00:00:23]} Bxf5 {[%clk 01:02:01]} {[%emt 00:00:43]} 17. exf5 {[%clk
01:19:28]} {[%emt 00:00:06]} Rfd8 {[%clk 00:59:26]} {[%emt 00:03:05]} 18. Rh3
{[%clk 01:19:40]} {[%emt 00:00:18]} d5 {[%clk 00:58:31]} {[%emt 00:01:23]} 19.
Qg4 {[%clk 01:20:07]} {[%emt 00:00:04]} Kh8 {[%clk 00:56:58]} {[%emt 00:02:03]}
20. h5 {[%clk 01:20:13]} {[%emt 00:00:25]} Rg8 {[%clk 00:56:19]} {[%emt
00:01:02]} 21. Qf3 {[%clk 01:19:30]} {[%emt 00:01:19]} e4 {[%clk 00:54:09]}
{[%emt 00:02:37]} 22. Qe3 {[%clk 01:19:39]} {[%emt 00:00:23]} b4 {[%clk
00:54:01]} {[%emt 00:00:38]} 23. Nc2 {[%clk 01:19:30]} {[%emt 00:00:39]} bxc3
{[%clk 00:53:58]} {[%emt 00:00:33]} 24. bxc3 {[%clk 01:19:51]} {[%emt
00:00:10]} Rac8 {[%clk 00:53:25]} {[%emt 00:01:02]} 25. Nd4 {[%clk 01:20:14]}
{[%emt 00:00:08]} Qf6 {[%clk 00:50:58]} {[%emt 00:02:55]} 26. g4 {[%clk
01:19:14]} {[%emt 00:01:31]} Bh6 {[%clk 00:49:00]} {[%emt 00:02:28]} 27. Qe2
{[%clk 01:19:25]} {[%emt 00:00:19]} Rc4 {[%clk 00:42:51]} {[%emt 00:06:35]} 28.
Kf1 {[%clk 01:19:01]} {[%emt 00:00:59]} Rgc8 {[%clk 00:42:38]} {[%emt
00:00:41]} 29. Qb2 {[%clk 01:17:56]} {[%emt 00:01:36]} Qe5 {[%clk 00:39:03]}
{[%emt 00:03:59]} 30. Rd1 {[%clk 01:16:48]} {[%emt 00:01:45]} Qf4 {[%clk
00:37:04]} {[%emt 00:02:24]} 31. Rg3 {[%clk 01:16:55]} {[%emt 00:00:27]} e3
{[%clk 00:35:58]} {[%emt 00:01:37]} 32. Rg2 {[%clk 01:13:49]} {[%emt 00:03:36]}
Rxc3 {[%clk 00:34:25]} {[%emt 00:02:00]} 33. Ne2 {[%clk 01:13:24]} {[%emt
00:00:57]} Qc4 {[%clk 00:27:31]} {[%emt 00:07:13]} 34. Qxc3+ {[%clk 01:13:45]}
{[%emt 00:00:22]} Qxc3 {[%clk 00:27:53]} {[%emt 00:00:07]} 35. Nxc3 {[%clk
01:14:11]} {[%emt 00:00:04]} Rxc3 {[%clk 00:28:16]} {[%emt 00:00:07]} 36. fxe3
{[%clk 01:14:32]} {[%emt 00:00:10]} Bxe3 {[%clk 00:27:34]} {[%emt 00:01:11]}
37. Rxd5 {[%clk 01:14:33]} {[%emt 00:00:28]} Rc1+ {[%clk 00:27:40]} {[%emt
00:00:24]} 38. Ke2 {[%clk 01:14:58]} {[%emt 00:00:07]} Bg5 {[%clk 00:27:25]}
{[%emt 00:00:43]} 39. Kd3 {[%clk 01:14:40]} {[%emt 00:00:49]} Rd1+ {[%clk
00:26:11]} {[%emt 00:01:44]} 40. Kc4 {[%clk 01:14:09]} {[%emt 00:01:01]} Rc1+
{[%clk 00:25:48]} {[%emt 00:00:53]} 41. Kb3 {[%clk 01:14:22]} {[%emt 00:00:17]}
Rb1+ {[%emt 00:00:24]} 42. Rb2 {[%clk 01:14:46]} Re1 {[%clk 00:25:43]} {[%emt
00:00:46]} 43. Rd6 {[%clk 01:14:34]} {[%emt 00:00:42]} Re3+ {[%clk 00:25:54]}
{[%emt 00:00:19]} 44. Ka4 {[%clk 01:14:21]} {[%emt 00:00:44]} Re4+ {[%clk
00:25:52]} {[%emt 00:00:31]} 45. Ka5 {[%clk 01:14:40]} {[%emt 00:00:11]} Rxg4
{[%clk 00:24:30]} {[%emt 00:01:51]} 46. h6 {[%clk 01:14:49]} {[%emt 00:00:22]}
Bf4 {[%clk 00:23:34]} {[%emt 00:01:24]} 47. Rd8+ {[%clk 01:15:01]} {[%emt
00:00:21]} Rg8 {[%clk 00:23:57]} {[%emt 00:00:06]} 48. Rxg8+ {[%clk 01:15:22]}
{[%emt 00:00:08]} Kxg8 {[%clk 00:24:23]} {[%emt 00:00:05]} 49. Kxa6 {[%clk
01:15:38]} {[%emt 00:00:14]} f6 {[%clk 00:24:43]} {[%emt 00:00:10]} 50. Rg2+
{[%clk 01:16:00]} {[%emt 00:00:07]} Kh8 {[%clk 00:24:52]} {[%emt 00:00:21]} 51.
a4 {[%clk 01:16:17]} {[%emt 00:00:13]} Bc7 {[%clk 00:25:11]} {[%emt 00:00:11]}
52. Rg7 {[%clk 01:16:34]} {[%emt 00:00:13]} Bb6 {[%clk 00:25:21]} {[%emt
00:00:21]} 53. Rb7 {[%clk 01:16:42]} {[%emt 00:00:21]} Be3 {[%clk 00:25:37]}
{[%emt 00:00:13]} 54. Rb8# {[%clk 01:16:36]} {[%emt 00:00:08]} 1-0